| 000 | 00397nam a2200169Ia 4500 | ||
|---|---|---|---|
| 008 | 220531s9999 xx 000 0 und d | ||
| 041 | _aeng | ||
| 082 | _bTIL | ||
| 100 |
_aTilak, Raghukul _939447 |
||
| 245 | _aAlfred Tennyson : Select Poems | ||
| 260 |
_bRama _c1995 |
||
| 300 | _a299 | ||
| 542 | _d15-07-1998 | ||
| 650 |
_aEnglish _939448 |
||
| 906 | _d1998-1999 | ||
| 999 |
_c23793 _d23793 |
||